[Event "Королевский Гамбит. Южный Федеральный округ."]
[Date "2025-11-21"]
[Round "5.12"]
[Board "12"]
[White "Панова Виктория"]
[WhiteElo "946"]
[Black "Евгения Ефимец"]
[BlackElo "972"]
[WebSite "https://www.chessopen.ru"]
[GameId "59f06a8e-3c6e-4f9d-b91e-4d4c5cf286d9"]
[Result "1-0"]

1. d4 { [%clk 0:09:54] } Nf6 { [%clk 0:09:59] } 2. e3 { [%clk 0:09:54] } Nh5 {
[%clk 0:09:47] } 3. Bc4 { [%clk 0:09:53] } a5 { [%clk 0:09:42] } 4. Nf3 { [%clk
0:09:53] } Nc6 { [%clk 0:09:35] } 5. Qd3 { [%clk 0:09:47] } g6 { [%clk 0:09:27]
} 6. O-O { [%clk 0:09:37] } Bg7 { [%clk 0:09:21] } 7. d5 { [%clk 0:09:21] } O-O
{ [%clk 0:09:17] } 8. dxc6 { [%clk 0:09:10] } bxc6 { [%clk 0:09:09] } 9. Nc3 {
[%clk 0:08:45] } Rb8 { [%clk 0:09:00] } 10. Ne5 { [%clk 0:08:15] } Bxe5 { [%clk
0:08:55] } 11. Ne4 { [%clk 0:07:58] } d5 { [%clk 0:08:53] } 12. Nc5 { [%clk
0:07:14] } dxc4 { [%clk 0:08:52] } 13. Qxc4 { [%clk 0:07:02] } Be6 { [%clk
0:08:45] } 14. Qxe6 { [%clk 0:06:34] } fxe6 { [%clk 0:08:45] } 15. Nxe6 { [%clk
0:06:33] } Qe8 { [%clk 0:08:44] } 16. Nxc7 { [%clk 0:06:28] } Qd7 { [%clk
0:08:42] } 17. Na6 { [%clk 0:06:23] } Rb6 { [%clk 0:08:41] } 18. Nc5 { [%clk
0:06:18] } Qg4 { [%clk 0:08:40] } 19. a3 { [%clk 0:05:56] } Qxg2+ { [%clk
0:08:40] } 20. Kxg2 { [%clk 0:05:56] } Nf4+ { [%clk 0:08:40] } 21. exf4 { [%clk
0:05:55] } Bxf4 { [%clk 0:08:41] } 22. Ne6 { [%clk 0:05:43] } Rf6 { [%clk
0:08:41] } 23. Nxf4 { [%clk 0:05:41] } Rxf4 { [%clk 0:08:41] } 24. Bxf4 { [%clk
0:05:38] } e6 { [%clk 0:08:33] } 25. Rfe1 { [%clk 0:05:39] } Rxb2 { [%clk
0:08:27] } 26. Bc1 { [%clk 0:05:32] } Rxc2 { [%clk 0:08:27] } 27. Be3 { [%clk
0:05:29] } Rc4 { [%clk 0:08:09] } 28. h4 { [%clk 0:05:18] } Rxh4 { [%clk
0:08:05] } 29. Rac1 { [%clk 0:05:08] } Rg4+ { [%clk 0:07:43] } 30. Kf3 { [%clk
0:05:03] } Rg5 { [%clk 0:07:33] } 31. Rxc6 { [%clk 0:04:58] } Rh5 { [%clk
0:07:31] } 32. Rxe6 { [%clk 0:04:56] } Rh3+ { [%clk 0:07:24] } 33. Ke2 { [%clk
0:04:55] } Kg7 { [%clk 0:07:16] } 34. Re7+ { [%clk 0:04:48] } Kf6 { [%clk
0:07:14] } 35. Ra7 { [%clk 0:04:40] } Rh5 { [%clk 0:07:12] } 36. Rd1 { [%clk
0:04:27] } Re5 { [%clk 0:06:27] } 37. Rxh7 { [%clk 0:04:19] } Rb5 { [%clk
0:05:50] } 38. Ra7 { [%clk 0:04:09] } Rb2+ { [%clk 0:05:34] } 39. Bd2 { [%clk
0:03:58] } Rb5 { [%clk 0:05:24] } 40. Ra6+ { [%clk 0:03:43] } Kf5 { [%clk
0:05:15] } 41. Bxa5 { [%clk 0:03:39] } Rb2+ { [%clk 0:05:09] } 42. Ke1 { [%clk
0:03:35] } Ra2 { [%clk 0:05:04] } 43. Rd5+ { [%clk 0:03:32] } Ke4 { [%clk
0:05:00] } 44. Rb5 { [%clk 0:03:24] } Ra1+ { [%clk 0:04:42] } 45. Kd2 { [%clk
0:02:55] } Ra2+ { [%clk 0:04:42] } 46. Kc1 { [%clk 0:02:49] } Rxf2 { [%clk
0:04:28] } 47. Re6+ { [%clk 0:02:41] } Kd3 { [%clk 0:04:21] } 48. Rb3+ { [%clk
0:02:27] } Kc4 { [%clk 0:04:09] } 49. Rc3+ { [%clk 0:02:20] } Kd5 { [%clk
0:04:06] } 50. Rxg6 { [%clk 0:02:06] } Rf1+ { [%clk 0:03:56] } 51. Kc2 { [%clk
0:02:05] } Rf2+ { [%clk 0:03:56] } 52. Kb3 { [%clk 0:02:05] } Rf1 { [%clk
0:03:40] } 53. Rg5+ { [%clk 0:02:04] } Ke4 { [%clk 0:03:36] } 54. Rc4+ { [%clk
0:02:05] } Kd3 { [%clk 0:03:33] } 55. Rg3+ { [%clk 0:02:06] } Ke2 { [%clk
0:03:28] } 56. Rc2+ { [%clk 0:02:07] } Kd1 { [%clk 0:03:24] } 57. Rd3# { [%clk
0:02:08] } 1-0

[Event "Королевский Гамбит. Южный Федеральный округ."]
[Date "2025-11-21"]
[Round "6.1"]
[Board "1"]
[White "Балакин Данил"]
[WhiteElo "954"]
[Black "Кобызев Ярослав"]
[BlackElo "954"]
[WebSite "https://www.chessopen.ru"]
[GameId "1d972ecf-8cc8-47ff-8ac8-263c84867b2f"]
[Result "0-1"]

1. e4 { [%clk 0:09:55] } e5 { [%clk 0:09:59] } 2. Nf3 { [%clk 0:09:50] } Nc6 {
[%clk 0:09:53] } 3. Nc3 { [%clk 0:09:50] } Nf6 { [%clk 0:09:49] } 4. Bb5 {
[%clk 0:09:42] } a6 { [%clk 0:09:43] } 5. Bxc6 { [%clk 0:09:42] } bxc6 { [%clk
0:09:30] } 6. Nxe5 { [%clk 0:09:42] } d6 { [%clk 0:09:29] } 7. Nf3 { [%clk
0:09:38] } Ng4 { [%clk 0:09:28] } 8. O-O { [%clk 0:09:36] } Nxh2 { [%clk
0:09:27] } 9. Nxh2 { [%clk 0:09:34] } h5 { [%clk 0:09:10] } 10. d4 { [%clk
0:09:31] } Bg4 { [%clk 0:09:07] } 11. Qd3 { [%clk 0:09:28] } d5 { [%clk
0:08:59] } 12. exd5 { [%clk 0:09:26] } Bb4 { [%clk 0:08:57] } 13. Ne4 { [%clk
0:09:20] } cxd5 { [%clk 0:09:00] } 14. Ng5 { [%clk 0:09:17] } f6 { [%clk
0:08:54] } 15. Nh7 { [%clk 0:09:13] } Bf5 { [%clk 0:08:47] } 16. Qxf5 { [%clk
0:09:09] } g6 { [%clk 0:08:44] } 17. Qxg6+ { [%clk 0:09:07] } Ke7 { [%clk
0:08:36] } 18. Qxf6+ { [%clk 0:09:04] } Kd7 { [%clk 0:08:33] } 19. Qf5+ { [%clk
0:09:01] } Kc6 { [%clk 0:08:28] } 20. Qg6+ { [%clk 0:08:58] } Kb5 { [%clk
0:08:21] } 21. Qxh5 { [%clk 0:08:56] } Qg8 { [%clk 0:08:19] } 22. Nf6 { [%clk
0:08:48] } Rxh5 { [%clk 0:08:11] } 23. Nxg8 { [%clk 0:08:46] } Rxg8 { [%clk
0:08:07] } 24. g3 { [%clk 0:08:41] } a5 { [%clk 0:07:54] } 25. c3 { [%clk
0:08:39] } Bd6 { [%clk 0:07:48] } 26. b4 { [%clk 0:08:37] } axb4 { [%clk
0:07:45] } 27. cxb4 { [%clk 0:08:32] } Bxb4 { [%clk 0:07:38] } 28. Rb1 { [%clk
0:08:31] } Ka4 { [%clk 0:07:06] } 29. a3 { [%clk 0:08:26] } Bxa3 { [%clk
0:06:53] } 30. Bxa3 { [%clk 0:08:27] } Kxa3 { [%clk 0:06:54] } 31. Ra1+ { [%clk
0:08:25] } Kb4 { [%clk 0:06:49] } 32. Rfc1 { [%clk 0:08:23] } Kb3 { [%clk
0:05:37] } 33. Rxc7 { [%clk 0:08:18] } Rgh8 { [%clk 0:04:31] } 34. Rb7+ { [%clk
0:08:15] } Kc4 { [%clk 0:04:25] } 35. Rc7+ { [%clk 0:08:14] } Kxd4 { [%clk
0:04:26] } 36. Ra4+ { [%clk 0:08:12] } Ke5 { [%clk 0:04:23] } 37. Re7+ { [%clk
0:08:11] } Kd6 { [%clk 0:04:20] } 38. Rea7 { [%clk 0:08:02] } Rxh2 { [%clk
0:04:16] } 39. R7a6+ { [%clk 0:08:02] } Ke5 { [%clk 0:04:14] } 40. Kf1 { [%clk
0:07:58] } Rf8 { [%clk 0:03:54] } 41. f4+ { [%clk 0:07:53] } Kf5 { [%clk
0:03:50] } 42. R6a5 { [%clk 0:07:43] } Rd8 { [%clk 0:03:38] } 43. Kg1 { [%clk
0:07:37] } Rd2 { [%clk 0:03:27] } 44. Ra7 { [%clk 0:07:28] } d4 { [%clk
0:03:09] } 45. Rf7+ { [%clk 0:07:27] } Kg4 { [%clk 0:03:04] } 46. f5 { [%clk
0:07:19] } Rc8 { [%clk 0:02:38] } 47. f6 { [%clk 0:07:18] } Rc1# { [%clk
0:02:37] } 0-1

[Event "Королевский Гамбит. Южный Федеральный округ."]
[Date "2025-11-21"]
[Round "6.1"]
[Board "1"]
[White "Витченко Денис"]
[WhiteElo "982"]
[Black "Асламазян Богдан"]
[BlackElo "1018"]
[WebSite "https://www.chessopen.ru"]
[GameId "b52df2b1-8a86-4469-9198-38cb458d718b"]
[Result "1-0"]

1. e4 { [%clk 0:10:00] } e5 { [%clk 0:09:58] } 2. Nf3 { [%clk 0:10:00] } Nc6 {
[%clk 0:09:58] } 3. Nc3 { [%clk 0:10:01] } Nf6 { [%clk 0:09:58] } 4. Bc4 {
[%clk 0:10:01] } Qe7 { [%clk 0:09:37] } 5. O-O { [%clk 0:10:00] } Nd4 { [%clk
0:09:33] } 6. Nxd4 { [%clk 0:09:57] } exd4 { [%clk 0:09:33] } 7. Nd5 { [%clk
0:09:58] } Nxd5 { [%clk 0:09:30] } 8. Bxd5 { [%clk 0:09:59] } c6 { [%clk
0:09:24] } 9. Bc4 { [%clk 0:09:52] } d5 { [%clk 0:09:15] } 10. exd5 { [%clk
0:09:40] } cxd5 { [%clk 0:09:15] } 11. Bxd5 { [%clk 0:09:42] } Be6 { [%clk
0:09:14] } 12. Be4 { [%clk 0:09:30] } f5 { [%clk 0:09:10] } 13. Bf3 { [%clk
0:09:17] } O-O-O { [%clk 0:09:06] } 14. d3 { [%clk 0:08:57] } g5 { [%clk
0:08:58] } 15. g4 { [%clk 0:08:57] } fxg4 { [%clk 0:08:57] } 16. Bxg4 { [%clk
0:08:59] } Bxg4 { [%clk 0:08:58] } 17. Qxg4+ { [%clk 0:09:00] } Rd7 { [%clk
0:08:55] } 18. Qxg5 { [%clk 0:09:00] } Qxg5+ { [%clk 0:08:50] } 19. Bxg5 {
[%clk 0:09:01] } Re7 { [%clk 0:08:50] } 20. Bxe7 { [%clk 0:09:02] } Bxe7 {
[%clk 0:08:50] } 21. Rfe1 { [%clk 0:09:02] } Rg8+ { [%clk 0:08:46] } 22. Kf1 {
[%clk 0:08:55] } Bb4 { [%clk 0:08:40] } 23. c3 { [%clk 0:08:55] } dxc3 { [%clk
0:08:38] } 24. bxc3 { [%clk 0:08:56] } Bxc3 { [%clk 0:08:39] } 25. Rec1 { [%clk
0:08:56] } h5 { [%clk 0:08:26] } 26. Rxc3+ { [%clk 0:08:57] } Kd7 { [%clk
0:08:25] } 27. Rb1 { [%clk 0:08:57] } b6 { [%clk 0:08:23] } 28. d4 { [%clk
0:08:58] } Kd6 { [%clk 0:08:20] } 29. a4 { [%clk 0:08:50] } Kd5 { [%clk
0:08:18] } 30. Rd1 { [%clk 0:08:49] } h4 { [%clk 0:08:12] } 31. h3 { [%clk
0:08:44] } Rg5 { [%clk 0:08:05] } 32. Rdd3 { [%clk 0:08:39] } Ke4 { [%clk
0:08:02] } 33. Rg3 { [%clk 0:08:35] } hxg3 { [%clk 0:08:01] } 34. fxg3 { [%clk
0:08:36] } b5 { [%clk 0:07:54] } 35. axb5 { [%clk 0:08:37] } Rxb5 { [%clk
0:07:53] } 36. Rc5 { [%clk 0:08:32] } Rxc5 { [%clk 0:07:42] } 37. dxc5 { [%clk
0:08:34] } Kd5 { [%clk 0:07:45] } 38. g4 { [%clk 0:08:22] } Kxc5 { [%clk
0:07:46] } 39. Ke2 { [%clk 0:08:23] } a5 { [%clk 0:07:49] } 40. Kd2 { [%clk
0:08:22] } Kc4 { [%clk 0:07:51] } 41. Kc2 { [%clk 0:08:22] } a4 { [%clk
0:07:51] } 42. Kb2 { [%clk 0:08:23] } Kb4 { [%clk 0:07:51] } 43. h4 { [%clk
0:08:21] } a3+ { [%clk 0:07:51] } 44. Ka2 { [%clk 0:08:19] } Ka4 { [%clk
0:07:43] } 45. g5 { [%clk 0:08:20] } Kb5 { [%clk 0:07:32] } 46. Kxa3 { [%clk
0:08:20] } Kc6 { [%clk 0:07:29] } 47. h5 { [%clk 0:08:20] } Kd7 { [%clk
0:07:24] } 48. g6 { [%clk 0:08:18] } Ke8 { [%clk 0:07:23] } 49. h6 { [%clk
0:08:19] } Ke7 { [%clk 0:07:05] } 50. h7 { [%clk 0:08:21] } Kf6 { [%clk
0:06:58] } 51. h8=Q+ { [%clk 0:08:19] } Kxg6 { [%clk 0:06:58] } 52. Qa8 { [%clk
0:08:18] } Kf5 { [%clk 0:06:56] } 53. Qa4 { [%clk 0:08:17] } Ke6 { [%clk
0:06:56] } 54. Qa5 { [%clk 0:08:17] } Kd6 { [%clk 0:06:56] } 55. Qa6+ { [%clk
0:08:17] } Kd7 { [%clk 0:06:52] } 56. Kb4 { [%clk 0:08:18] } Ke7 { [%clk
0:06:50] } 57. Kc5 { [%clk 0:08:19] } Kd7 { [%clk 0:06:46] } 58. Kd5 { [%clk
0:08:11] } Ke7 { [%clk 0:06:42] } 59. Ke5 { [%clk 0:08:12] } Kf7 { [%clk
0:06:41] } 60. Kf5 { [%clk 0:08:09] } Ke7 { [%clk 0:06:39] } 61. Kg5 { [%clk
0:08:09] } Kd7 { [%clk 0:06:35] } 62. Qh6 { [%clk 0:08:04] } Ke7 { [%clk
0:06:33] } 63. Kf5 { [%clk 0:08:04] } Kd7 { [%clk 0:06:32] } 64. Ke5 { [%clk
0:08:03] } Ke7 { [%clk 0:06:29] } 65. Qh7+ { [%clk 0:08:04] } Kd8 { [%clk
0:06:07] } 66. Kd6 { [%clk 0:08:03] } Ke8 { [%clk 0:06:04] } 67. Qd7+ { [%clk
0:07:52] } Kf8 { [%clk 0:06:02] } 68. Ke6 { [%clk 0:07:52] } Kg8 { [%clk
0:06:02] } 69. Kf6 { [%clk 0:07:52] } Kh8 { [%clk 0:06:00] } 70. Qg7# { [%clk
0:07:49] } 1-0

[Event "Королевский Гамбит. Южный Федеральный округ."]
[Date "2025-11-21"]
[Round "6.1"]
[Board "1"]
[White "Гончаров Константин"]
[WhiteElo "1027"]
[Black "Зиновьев Владислав"]
[BlackElo "1012"]
[WebSite "https://www.chessopen.ru"]
[GameId "a6b52643-9d43-40cf-b23a-1b77104c768d"]
[Result "0-1"]

1. e4 { [%clk 0:09:58] } e5 { [%clk 0:10:01] } 2. Nf3 { [%clk 0:09:57] } Nc6 {
[%clk 0:10:03] } 3. Nc3 { [%clk 0:09:53] } Nf6 { [%clk 0:10:03] } 4. d4 { [%clk
0:09:52] } exd4 { [%clk 0:10:00] } 5. Nd5 { [%clk 0:09:39] } Nxe4 { [%clk
0:09:49] } 6. Bc4 { [%clk 0:09:39] } Nf6 { [%clk 0:09:43] } 7. Nxd4 { [%clk
0:09:05] } Bc5 { [%clk 0:09:31] } 8. Nxc6 { [%clk 0:08:57] } dxc6 { [%clk
0:09:21] } 9. Nxf6+ { [%clk 0:08:55] } Qxf6 { [%clk 0:09:24] } 10. O-O { [%clk
0:08:50] } O-O { [%clk 0:09:26] } 11. Bd3 { [%clk 0:08:27] } Bf5 { [%clk
0:09:22] } 12. Bxf5 { [%clk 0:08:06] } Qxf5 { [%clk 0:09:24] } 13. b3 { [%clk
0:08:08] } Rad8 { [%clk 0:09:21] } 14. Qf3 { [%clk 0:07:51] } Qxf3 { [%clk
0:09:17] } 15. gxf3 { [%clk 0:07:53] } Rfe8 { [%clk 0:09:15] } 16. Bb2 { [%clk
0:07:53] } Rd2 { [%clk 0:09:15] } 17. Rac1 { [%clk 0:07:48] } Red8 { [%clk
0:09:04] } 18. a4 { [%clk 0:06:42] } Bd4 { [%clk 0:08:47] } 19. Bxd4 { [%clk
0:06:36] } R2xd4 { [%clk 0:08:38] } 20. Rfe1 { [%clk 0:06:36] } Kf8 { [%clk
0:08:36] } 21. Kf1 { [%clk 0:06:26] } Rf4 { [%clk 0:08:34] } 22. Kg2 { [%clk
0:06:26] } Rd5 { [%clk 0:08:36] } 23. Kg3 { [%clk 0:06:22] } Rf6 { [%clk
0:08:36] } 24. Rcd1 { [%clk 0:06:09] } Rxd1 { [%clk 0:08:29] } 25. Rxd1 { [%clk
0:06:10] } Rd6 { [%clk 0:08:30] } 26. Rxd6 { [%clk 0:05:58] } cxd6 { [%clk
0:08:32] } 27. Kf4 { [%clk 0:06:00] } Ke7 { [%clk 0:08:33] } 28. Ke4 { [%clk
0:06:02] } Ke6 { [%clk 0:08:35] } 29. c4 { [%clk 0:06:01] } d5+ { [%clk
0:08:35] } 30. cxd5+ { [%clk 0:06:01] } cxd5+ { [%clk 0:08:38] } 31. Kd4 {
[%clk 0:06:02] } Kd6 { [%clk 0:08:39] } 32. b4 { [%clk 0:06:04] } b6 { [%clk
0:08:35] } 33. f4 { [%clk 0:06:00] } a6 { [%clk 0:08:30] } 34. f5 { [%clk
0:05:57] } f6 { [%clk 0:08:28] } 35. f4 { [%clk 0:05:55] } h6 { [%clk 0:08:24]
} 36. h4 { [%clk 0:05:56] } h5 { [%clk 0:08:26] } 37. b5 { [%clk 0:05:53] } a5
{ [%clk 0:08:25] } 38. Kd3 { [%clk 0:05:48] } Kc5 { [%clk 0:08:27] } 39. Kc3 {
[%clk 0:05:50] } d4+ { [%clk 0:08:28] } 40. Kd3 { [%clk 0:05:51] } Kd5 { [%clk
0:08:30] } 41. Kd2 { [%clk 0:05:53] } Ke4 { [%clk 0:08:32] } 42. Ke2 { [%clk
0:05:54] } Kxf4 { [%clk 0:08:33] } 43. Kd3 { [%clk 0:05:56] } Ke5 { [%clk
0:08:35] } 44. Kc4 { [%clk 0:05:55] } Ke4 { [%clk 0:08:36] } 45. Kb3 { [%clk
0:05:57] } Kxf5 { [%clk 0:08:36] } 46. Kc2 { [%clk 0:05:58] } Ke4 { [%clk
0:08:36] } 47. Kd2 { [%clk 0:06:00] } d3 { [%clk 0:08:38] } 48. Kd1 { [%clk
0:05:42] } Ke3 { [%clk 0:08:37] } 49. Ke1 { [%clk 0:05:43] } g5 { [%clk
0:08:36] } 50. hxg5 { [%clk 0:05:40] } fxg5 { [%clk 0:08:39] } 51. Kd1 { [%clk
0:05:42] } g4 { [%clk 0:08:31] } 52. Ke1 { [%clk 0:05:43] } g3 { [%clk 0:08:32]
} 53. Kd1 { [%clk 0:05:42] } g2 { [%clk 0:08:32] } 54. Kc1 { [%clk 0:05:44] }
g1=Q+ { [%clk 0:08:31] } 55. Kb2 { [%clk 0:05:45] } Qf2+ { [%clk 0:08:31] } 56.
Ka3 { [%clk 0:05:45] } Qf8+ { [%clk 0:08:31] } 57. Kb2 { [%clk 0:05:43] } Qb4+
{ [%clk 0:08:33] } 58. Ka2 { [%clk 0:05:44] } Qxa4+ { [%clk 0:08:34] } 59. Kb2
{ [%clk 0:05:46] } Qxb5+ { [%clk 0:08:34] } 60. Ka2 { [%clk 0:05:45] } Kd2 {
[%clk 0:08:36] } 61. Ka1 { [%clk 0:05:43] } Kc2 { [%clk 0:08:36] } 62. Ka2 {
[%clk 0:05:45] } Qa4# { [%clk 0:08:37] } 0-1

[Event "Королевский Гамбит. Южный Федеральный округ."]
[Date "2025-11-21"]
[Round "6.1"]
[Board "1"]
[White "Дегтярюк Станислав"]
[WhiteElo "962"]
[Black "Ширшов Светослав"]
[BlackElo "1038"]
[WebSite "https://www.chessopen.ru"]
[GameId "2f75a2ac-0840-4cd2-b220-c33ede87cf3b"]
[Result "1-0"]

1. d4 { [%clk 0:09:55] } d5 { [%clk 0:10:00] } 2. Nf3 { [%clk 0:09:55] } Nc6 {
[%clk 0:10:00] } 3. c3 { [%clk 0:09:50] } Nf6 { [%clk 0:10:01] } 4. Bf4 { [%clk
0:09:41] } Bf5 { [%clk 0:10:02] } 5. Nbd2 { [%clk 0:09:42] } Qd7 { [%clk
0:09:58] } 6. g3 { [%clk 0:09:31] } O-O-O { [%clk 0:09:56] } 7. Bg2 { [%clk
0:09:30] } Kb8 { [%clk 0:09:51] } 8. Be5 { [%clk 0:09:31] } Be4 { [%clk
0:09:45] } 9. Nxe4 { [%clk 0:09:31] } dxe4 { [%clk 0:09:40] } 10. Ng5 { [%clk
0:09:30] } Qe8 { [%clk 0:09:34] } 11. Bxf6 { [%clk 0:09:28] } exf6 { [%clk
0:09:33] } 12. Nxe4 { [%clk 0:09:29] } Bd6 { [%clk 0:09:26] } 13. O-O { [%clk
0:09:27] } Qe6 { [%clk 0:09:21] } 14. Nxd6 { [%clk 0:09:24] } Rxd6 { [%clk
0:09:19] } 15. d5 { [%clk 0:09:15] } Qd7 { [%clk 0:09:01] } 16. Qb3 { [%clk
0:09:02] } Na5 { [%clk 0:08:49] } 17. Qb4 { [%clk 0:08:51] } b6 { [%clk
0:08:44] } 18. c4 { [%clk 0:08:39] } Re8 { [%clk 0:08:28] } 19. c5 { [%clk
0:07:50] } Rxd5 { [%clk 0:08:24] } 20. Bxd5 { [%clk 0:07:50] } Qxd5 { [%clk
0:08:27] } 21. cxb6 { [%clk 0:07:51] } axb6 { [%clk 0:08:24] } 22. Rad1 { [%clk
0:07:51] } Qxa2 { [%clk 0:08:11] } 23. Qb5 { [%clk 0:07:51] } Qe6 { [%clk
0:07:51] } 24. e3 { [%clk 0:07:37] } Qe5 { [%clk 0:07:25] } 25. Rd5 { [%clk
0:07:15] } Qe6 { [%clk 0:06:56] } 26. b4 { [%clk 0:07:10] } Nc6 { [%clk
0:06:48] } 27. Ra1 { [%clk 0:06:51] } Na7 { [%clk 0:06:39] } 28. Qd3 { [%clk
0:06:11] } Nc6 { [%clk 0:06:10] } 29. Qd2 { [%clk 0:05:46] } Kb7 { [%clk
0:05:43] } 30. b5 { [%clk 0:05:42] } Ne5 { [%clk 0:05:37] } 31. Qd1 { [%clk
0:05:29] } Re7 { [%clk 0:05:04] } 32. Rd8 { [%clk 0:04:08] } Rd7 { [%clk
0:04:44] } 33. Rxd7 { [%clk 0:04:05] } Nxd7 { [%clk 0:04:42] } 34. Qf3+ { [%clk
0:04:04] } Kb8 { [%clk 0:04:34] } 35. Qa8# { [%clk 0:04:04] } 1-0

[Event "Королевский Гамбит. Южный Федеральный округ."]
[Date "2025-11-21"]
[Round "6.1"]
[Board "1"]
[White "Игнатьев Матвей"]
[WhiteElo "973"]
[Black "Мартиросянц Арман"]
[BlackElo "1025"]
[WebSite "https://www.chessopen.ru"]
[GameId "7f861612-a8a7-4189-8490-40f7004e5a49"]
[Result "1-0"]

1. e3 { [%clk 0:10:00] } e5 { [%clk 0:10:00] } 2. Bc4 { [%clk 0:10:01] } d5 {
[%clk 0:10:01] } 3. Bb3 { [%clk 0:09:55] } Nc6 { [%clk 0:10:01] } 4. c4 { [%clk
0:09:48] } Be6 { [%clk 0:10:00] } 5. Nc3 { [%clk 0:09:40] } dxc4 { [%clk
0:09:58] } 6. Ba4 { [%clk 0:09:35] } a6 { [%clk 0:09:55] } 7. Qf3 { [%clk
0:09:26] } Qd7 { [%clk 0:09:51] } 8. Bxc6 { [%clk 0:08:09] } Qxc6 { [%clk
0:09:35] } 9. Qxc6+ { [%clk 0:08:06] } bxc6 { [%clk 0:09:35] } 10. Nf3 { [%clk
0:07:47] } f6 { [%clk 0:09:23] } 11. O-O { [%clk 0:07:15] } Bb4 { [%clk
0:09:19] } 12. a3 { [%clk 0:06:54] } Bxc3 { [%clk 0:09:14] } 13. dxc3 { [%clk
0:06:48] } Ne7 { [%clk 0:09:12] } 14. Rd1 { [%clk 0:06:09] } O-O { [%clk
0:09:10] } 15. Bd2 { [%clk 0:05:36] } Rfd8 { [%clk 0:09:04] } 16. Be1 { [%clk
0:05:37] } Rxd1 { [%clk 0:09:07] } 17. Rxd1 { [%clk 0:05:32] } Nd5 { [%clk
0:09:08] } 18. e4 { [%clk 0:05:15] } Nf4 { [%clk 0:09:05] } 19. Bd2 { [%clk
0:04:48] } Nd3 { [%clk 0:08:37] } 20. Bc1 { [%clk 0:04:44] } Rd8 { [%clk
0:08:25] } 21. Kf1 { [%clk 0:03:47] } Rd6 { [%clk 0:08:12] } 22. Ne1 { [%clk
0:02:34] } Nxe1 { [%clk 0:08:06] } 23. Kxe1 { [%clk 0:02:02] } Rxd1+ { [%clk
0:08:06] } 24. Kxd1 { [%clk 0:00:54] } g6 { [%clk 0:07:57] } 25. Ke2 { [%clk
0:00:54] } Kf7 { [%clk 0:07:56] } 26. Ke3 { [%clk 0:00:56] } Ke7 { [%clk
0:07:59] } 27. f4 { [%clk 0:00:57] } exf4+ { [%clk 0:07:59] } 28. Kxf4 { [%clk
0:00:59] } g5+ { [%clk 0:08:01] } 29. Kf3 { [%clk 0:00:59] } h5 { [%clk
0:08:02] } 30. h3 { [%clk 0:01:00] } h4 { [%clk 0:08:03] } 31. Be3 { [%clk
0:01:00] } Kd6 { [%clk 0:08:02] } 32. Bd4 { [%clk 0:00:47] } Ke7 { [%clk
0:07:58] } 33. Bc5+ { [%clk 0:00:47] } Kd7 { [%clk 0:07:59] } 34. Ke3 { [%clk
0:00:49] } a5 { [%clk 0:07:59] } 35. Kd4 { [%clk 0:00:50] } f5 { [%clk 0:07:54]
} 36. exf5 { [%clk 0:00:48] } Bxf5 { [%clk 0:07:55] } 37. Ke5 { [%clk 0:00:49]
} Be6 { [%clk 0:07:53] } 38. Kf6 { [%clk 0:00:48] } g4 { [%clk 0:07:52] } 39.
hxg4 { [%clk 0:00:42] } Bxg4 { [%clk 0:07:48] } 40. Kg5 { [%clk 0:00:43] } Be6
{ [%clk 0:07:38] } 41. Kxh4 { [%clk 0:00:43] } Bd5 { [%clk 0:07:39] } 42. g4 {
[%clk 0:00:39] } Ke6 { [%clk 0:07:40] } 43. g5 { [%clk 0:00:33] } Kf7 { [%clk
0:07:41] } 44. Kh5 { [%clk 0:00:30] } Kg7 { [%clk 0:07:42] } 45. Kg4 { [%clk
0:00:29] } Kg6 { [%clk 0:07:41] } 46. Kf4 { [%clk 0:00:29] } Be6 { [%clk
0:07:37] } 47. Be7 { [%clk 0:00:25] } c5 { [%clk 0:07:38] } 48. Bxc5 { [%clk
0:00:20] } c6 { [%clk 0:07:39] } 49. Ke5 { [%clk 0:00:21] } Bd5 { [%clk
0:07:39] } 50. Be3 { [%clk 0:00:19] } a4 { [%clk 0:07:37] } 51. Kd6 { [%clk
0:00:20] } Be4 { [%clk 0:07:35] } 52. Kc5 { [%clk 0:00:21] } Kf5 { [%clk
0:07:32] } 53. Kb4 { [%clk 0:00:22] } Kg4 { [%clk 0:07:34] } 54. Kxa4 { [%clk
0:00:23] } Kf3 { [%clk 0:07:34] } 55. Bd4 { [%clk 0:00:24] } Kg4 { [%clk
0:07:35] } 56. Bf6 { [%clk 0:00:27] } Kf5 { [%clk 0:07:37] } 57. Kb4 { [%clk
0:00:29] } Bd5 { [%clk 0:07:38] } 58. a4 { [%clk 0:00:32] } c5+ { [%clk
0:07:37] } 59. Kxc5 { [%clk 0:00:33] } Bb7 { [%clk 0:07:39] } 60. a5 { [%clk
0:00:36] } Ba6 { [%clk 0:07:40] } 61. Kb6 { [%clk 0:00:39] } Bc8 { [%clk
0:07:40] } 62. a6 { [%clk 0:00:41] } Bxa6 { [%clk 0:07:42] } 63. Kxa6 { [%clk
0:00:44] } Ke4 { [%clk 0:07:43] } 64. Kb5 { [%clk 0:00:47] } Kd3 { [%clk
0:07:44] } 65. g6 { [%clk 0:00:49] } Kc2 { [%clk 0:07:45] } 66. g7 { [%clk
0:00:51] } Kxb2 { [%clk 0:07:47] } 67. g8=Q { [%clk 0:00:48] } Kb3 { [%clk
0:07:49] } 68. Qxc4+ { [%clk 0:00:48] } Ka3 { [%clk 0:07:50] } 69. Qb4+ { [%clk
0:00:47] } Ka2 { [%clk 0:07:52] } 70. Kc4 { [%clk 0:00:45] } Ka1 { [%clk
0:07:52] } 71. Kd3 { [%clk 0:00:45] } Ka2 { [%clk 0:07:53] } 72. Kc2 { [%clk
0:00:44] } Ka1 { [%clk 0:07:55] } 73. Qa4# { [%clk 0:00:45] } 1-0